Mujeres que luchan. Serie documental Comités patrióticos contra el TLC. La defensa del agua. Danza-teatro
El documental es una miniserie con efoque de género. Sus protagonistas son mujeres en la lucha contra la contaminacióndel agua por el monocultivo de piña, que se organizaron en Comités Patrióticos en la lucha contra el Tratado de Libre Comercio (TLC) y artistas en danza y teatro. Junto a ellas acad...
Đã lưu trong:
| Tác giả của công ty: | |
|---|---|
| Định dạng: | Sách |
| Ngôn ngữ: | Spanish |
| Được phát hành: |
San José: Costa Rica
UNED
2015
|
| Những chủ đề: | |
| Các nhãn: |
Thêm thẻ
Không có thẻ, Là người đầu tiên thẻ bản ghi này!
|
MARC
| LEADER | 00000nam a22000007a 4500 | ||
|---|---|---|---|
| 003 | cru CIDCACS/IIS | ||
| 005 | 20231011062613.0 | ||
| 008 | 171023b xxu||||| |||| 00| 0 spa d | ||
| 040 | |c cru CIDCACS/IIS | ||
| 090 | |a RE 05.03.07 U58m | ||
| 110 | 1 | |9 5752 |a Universidad Estatal a Distancia (Costa Rica) | |
| 245 | |a Mujeres que luchan. Serie documental |b Comités patrióticos contra el TLC. La defensa del agua. Danza-teatro |c UNED; Carazo Vargas, Eva; Castro Vargas, Soledad, et. al. | ||
| 260 | |a San José: Costa Rica |b UNED |c 2015 | ||
| 520 | |a El documental es una miniserie con efoque de género. Sus protagonistas son mujeres en la lucha contra la contaminacióndel agua por el monocultivo de piña, que se organizaron en Comités Patrióticos en la lucha contra el Tratado de Libre Comercio (TLC) y artistas en danza y teatro. Junto a ellas académcas y activistas compartes análisis y reflexiones. | ||
| 650 | 1 | 0 | |a MOVIMIENTOS SOCIALES |9 3 |
| 650 | 1 | 0 | |a CONTAMINACION DE LOS RIOS |9 2567 |
| 650 | 1 | 0 | |9 4516 |a AGUA |
| 650 | 1 | 0 | |9 4688 |a CULTIVOS |
| 650 | 1 | 0 | |a CONTAMINACION DEL AGUA |9 5753 |
| 650 | 1 | 0 | |2 R |9 303 |a REFERENDUM |
| 650 | 1 | 0 | |a CONTAMINACION DEL AGUA |9 5753 |
| 942 | |2 ddc |c RE | ||
| 999 | |c 40517 |d 40517 | ||
